01616nam a2200181 a 450000100100000000500170001000800410002702000150006804000250008324500950010826002170020330000280042050002280044852005950067650400280127170000400129971000950133900003573120200930074552.0111109s1992 ve 000 0 spa d a9802214884 aDO-SdBNPbspacBNPHU00aJosé Martí en Venezuela y nuestra América /ccompilador Alberto Rodríguez Carucci. aMérida, Venezuela :bUniversidad de los Andes, Cátedra Latinoamericana "José MartíbDirección General de Cultura y Extensión :bInstituto de Investigaciones Literarias "Gonzalo Picón Febres",c1992. a127 p. :bil. ;c23 cm. aEntre el 14 y el 16 de marzo de 1991 se llevó a cabo en Mérida el I Encuentro de Cátedras "José Martí de Venezuela, organizado por la Cátedra Latinoamericana "José Martíde la Universidad de los Andes"--P. 5. aResultado del Primer Encuentro de Cátedras José Martí de Venezuela (1991). La mayoría de los trabajos versan sobre el ensayo 'Nuestra América', que Martí publicó en 1891. Varios son expresiones de opiniones políticas. 'Discurso Reflexivo y Discurso Literario en 'Nuestra América' de José Martí', tal vez sea uno de los que tiene más intención de estudio. El volumen también recuerda la fundación, por parte de Martí, de la Revista Venezolana, en 1881, cuando se encontraba en Venezuela"--Handbook of Latin American Studies, v. 58. |u http://www.loc.gov/hlas/ aBibliografía : p. 12712aRodríguez Carucci, Albertoecomp.2 aUniversidad de los Andes (Mérida, Venezuela).bCátedra Latinoamericana "José Martí